| 000 | 00873cam a22002533a 4500 | ||
|---|---|---|---|
| 001 | 3006 | ||
| 003 | PGUSA | ||
| 005 | 20140828083024.0 | ||
| 008 | 020101s2002||||xxu|||||s|||||000 1 eng d | ||
| 040 |
_aPGUSA _beng |
||
| 042 | _adc | ||
| 050 | 4 | _aPR | |
| 100 | 1 |
_aKipling, Rudyard, _d1865-1936 |
|
| 245 | 1 | 0 |
_aStalky and Co. _h[electronic resource] / _cRudyard Kipling |
| 260 |
_bProject Gutenberg, _c2002 |
||
| 505 | 0 | _aIn ambush -- Slaves of the lamp, pt. I -- An unsavory interlude -- The impressionists -- The moral reformers -- A little prep -- The flag of their country -- The last term -- Slaves of the lamp, pt. II. | |
| 506 | _aPublic domain in the USA. | ||
| 516 | _aElectronic text | ||
| 653 | _aSchools -- Fiction | ||
| 740 | 0 | _aStalky and Company | |
| 830 | 0 |
_aProject Gutenberg _v3006 |
|
| 856 | 4 | 0 | _uhttp://www.gutenberg.org/ebooks/3006 |
| 942 | _cEB | ||
| 999 |
_c232336 _d232336 |
||